| 000 | 01552cam a22002771i 4500 | ||
|---|---|---|---|
| 003 | SA-RiAUC | ||
| 005 | 20250509131238.0 | ||
| 008 | 250509s2002____su g b 00000dara c | ||
| 040 |
_aMASH _bara _cSA-RiAUC _erda |
||
| 082 | 0 | 4 | _a011.31 |
| 090 |
_a011.31 _b ش ب ل |
||
| 100 | 1 |
_aالشبل، علي بن عبد العزيز بن علي، _d1388 هجري- _eمؤلف. |
|
| 245 | 1 | 2 |
_aالإثبات في مخطوطات الأئمة : _bشيخ الإسلام ابن تيمية (661-728 هـ) والعلامة ابن القيم (691-751 هـ) والحافظ ابن رجب (763-795 هـ) / _cعلي بن عبد العزيز بن علي الشبل. |
| 250 | _aالطبعة الأولى. | ||
| 264 | 1 |
_aالرياض : _bمكتبة الرشد، _c2002 |
|
| 300 |
_a438 صفحة ؛ _c24 سم |
||
| 336 |
_aنص _btxt _2rdacontent _3كتاب |
||
| 337 |
_aبدون وسيط _bn _2rdamedia |
||
| 338 |
_aمجلد _bnc _2rdacarrier |
||
| 600 | 1 | 7 |
_aابن تيمية، أحمد بن عبد الحليم بن عبد السلام، _d661-728 هجري _xمخطوطات _vببليوجرافيات _2aucnm |
| 600 | 1 | 7 |
_aابن قيم الجوزية، محمد بن أبي بكر بن أيوب، _d691-751 هجري _xمخطوطات _vببليوجرافيات _2aucnm |
| 600 | 1 | 7 |
_aابن رجب، عبد الرحمن بن أحمد بن رجب، _d736-795 هجري _xمخطوطات _vببليوجرافيات _2aucnm |
| 650 | 7 |
_aالمخطوطات العربية _vببليوجرافيات _2aucsh |
|
| 942 |
_2ddc _cBOOK _n0 |
||
| 949 |
_aSA-JeALM _d250509 _umohamedma123 _n1 |
||
| 999 |
_c7708 _d7708 |
||